000
00309nam a22001337a 4500
008
171018b xxu||||| |||| 00| 0 eng d
020
_a
0139269088
041
_a
eng
080
_a
338
100
_a
53
101
_a
MEN
245
_a
TRAINING STRATEGIES FROM START TO FINISH
_c
FRIEDMAN,P,G
942
_2
udc
_c
BK
999
_c
34682
_d
34682